|
|
|
|
| LEADER |
00906cam a2200241 7i4500 |
| 001 |
0000057512 |
| 005 |
20210628090000.0 |
| 020 |
|
|
|a 9780711251342 (paperback)
|
| 090 |
0 |
0 |
|a NC96
|b .C37 2020
|
| 100 |
1 |
|
|a Carver, Liam
|
| 245 |
1 |
0 |
|a Just draw fineliner art :
|b incredible illustrations crafted with fineliner pens
|c Liam Carver.
|
| 264 |
|
|
|a London:
|b bWhite Lion Publishing,
|c 2020.
|
| 300 |
|
|
|a 208 pages:
|b colour illustrations;
|c 18 cm.
|
| 336 |
|
|
|a text
|2 rdacontent
|
| 337 |
|
|
|a unmediated
|2 rdamedia
|
| 338 |
|
|
|a volume
|2 rdacarrier
|
| 650 |
|
0 |
|a Drawing Technique
|
| 650 |
|
0 |
|a Pen drawing Technique
|
| 997 |
|
|
|a Communication, Visual Art & Computing, Faculty
|b Visual Art, Department
|
| 998 |
|
|
|a Arts Creative Photography Technology, Degree
|
| 998 |
|
|
|a Digital Graphic Design, Degree
|
| 998 |
|
|
|a Digital Graphic Design, Diploma
|
| 999 |
|
|
|a 0000069598
|b BOK
|c OPEN SHELF
|e 1st Floor, Bestari Jaya
|